| 000 | 01110nam a2200313 i 4500 | ||
|---|---|---|---|
| 001 | 000045619 | ||
| 003 | DO-SdBNP | ||
| 005 | 20250807090056.0 | ||
| 007 | ta | ||
| 008 | 150417s2011 dr a 000 0 spa d | ||
| 020 | _a9789945131505 | ||
| 040 |
_aDO-SdBNP _bspa _cBNPHU _erda |
||
| 041 | _aspa | ||
| 082 | 4 |
_a306.7 _bC957a _222 |
|
| 100 | 1 |
_aCruz García, José Aníbal, _eautor _4aut. _973541 |
|
| 245 | 1 | 3 |
_aEl ABC de la sexualidad humana / _cJosé Aníbal Cruz García ; prólogo, José J. Dergan ; ilustración, Mayra Hasbún Cruz |
| 264 | 1 |
_aSanto Domingo : _bMediabyte, _c2011. |
|
| 300 |
_a305 páginas : _bilustraciones ; _c23 cm. |
||
| 336 |
_atexto _btxt _2rdacontent |
||
| 337 |
_asin mediación _bn _2rdamedia |
||
| 338 |
_avolumen _bnc _2rdacarrier |
||
| 500 | _aIncluye datos biográficos del autor en las solapas. | ||
| 590 | _aInventariado, 2025/ YL | ||
| 650 | 4 |
_aSexualidad humana _988467 |
|
| 700 | 1 |
_aDergan, José J., _eprologuista _4pr. _973542 |
|
| 700 | 1 |
_aHasbun Cruz, Mayra, _eilustrador _4il. _988454 |
|
| 910 | _aYLockward. Validado. Control de calidad/MAA | ||
| 942 |
_2ddc _cLBS1 |
||
| 999 |
_c45108 _d45108 |
||